000
00283nam a2200109 4500
999
_c
12178
_d
12178
008
190118b ||||| |||| 00| 0 eng d
245
_a
Financial architecture.
260
_a
Philippines
_b
Manila Bulletin
_c
c2018
300
_a
page B-6.
650
0
_9
34490
_a
Finance.
942
_2
ddc
_c
PER